000 00341 a2200157 4500
001 57641
020 _a9788502074972
040 _cAnchieta - Pituba
100 _aVilela, Luiz
240 1 0 _aSofia e outros contos
_lpor
245 1 0 _aSofia e outros contos
300 _a63
362 0 _a2009
650 4 _aLiteratura juvenil
942 _cBK
999 _c57641
_d57641